00845nam a22002177a 4500003000900000008004100009040007100050082001800121100002500139245005700164260003500221300004400256505018600300650002700486650001100513650001300524700002300537700002100560700002800581700001800609AR-CdUCM190509b ||||| |||| 00| 0 spa d aMUNICIPALIDAD PROVINCIAL DEL CUSCOcBIBLIOTECA MUNICIPAL DEL CUSCO a301.35 /bK22 aKapsoli E., Wilfredo aLos movimientos campesinos en el Perú, 1879-1965 / aLima :bDelva Editores,c1977. a300 páginas ;bIlustraciones,c21 cm. aContenido: Los movimientos antifiscales: 1879-1896 -- Los movimientos milenaristas: 1919-1930 -- Los movimientos reformistas: 1945-1948 -- Movimientos revolucionarios: 1956-1965 ... aMovimientos campesinos aPerú aHistoria aValladares, Manuel aRengifo, Antonio aFlores Galindo, Alberto aBurga, Manuel